Normal view
MARC view
- Literature
Entry Topical Term
001 - CONTROL NUMBER
- control field: 35644
003 - CONTROL NUMBER IDENTIFIER
- control field: NUST
005 - DATE AND TIME OF LATEST TRANSACTION
- control field: 20210208095303.0
008 - FIXED-LENGTH DATA ELEMENTS
- fixed length control field: 210208|| aca||aabn | a|a d
040 ## - CATALOGING SOURCE
- Original cataloging agency: NUST
- Transcribing agency: NUST
150 ## - HEADING--TOPICAL TERM
- Topical term or geographic name entry element: Literature
- General subdivision: General
670 ## - SOURCE DATA FOUND
- Source citation: Work cat.: (NUST)330560: Wasif Ali Wasif 2946, Guftagu-5, 2000.
